000 00726nam a2200229Ia 4500
003 OSt
005 20220923225543.0
006 a|||||r|||| 00| 0
007 ta
008 Pun
024 _a271,078
037 _cTextual
040 _aARTS
_cARTS
_bPun
041 _2Pun
_aPun
082 _aO153,1N19x, 152M2
245 0 _aअमृता प्रीतम
_b कुछ चुनी हुई कविताएॅं
246 _aAmṛutā prītama: kuchh chunī huī kavitāeॅan
260 _aनयी दिल्ली
_b भारतीय ज्ञानपीठ
_c1982
650 _aपंजाबी निबंध
942 _hO153,1N19x, 152M2
_cTEXL
_2CC
999 _c379070
_d379070